00556nam a22001931 450000100060000000300080000600500170001400800390003103500190007004000270008904100080011608200210012410000250014524500530017026000450022330000250026850400360029360000330032932867BD-RjUL20211209051916.0140428s1967 enk b 001 0beng a(BD-RjUL)32957 aDLCcDLCdBD-RjULbeng aeng00a297.63bHUP 19671 aHusain, Athard1920-10aProphet Muhammad and his mission /cAthar Husain aLondon :bAsia Publishing House,cc1967. axi, 214 p. ;c22 cm. aInclude bibliography and index.00aMuḥammad,cProphet,d-632.